Peňažné a kapitálové trhy zbierka príkladov

Saved in:
Bibliographic Details
Main Author: Chovancová, Božena
Corporate Author: Ekonomická univerzita v Bratislave. Národohospodárska fakulta
Other Authors: Malacká, Viera, Trúchly, Peter
Format: Book
Language:Slovak
Published: Bratislava Vydavateľstvo EKONÓM 2003
Subjects:
Tags: Add Tag
No Tags, Be the first to tag this record!

MARC

LEADER 00000nam a2200000 4500
001 c141998
005 20221108125238.1
020 |a 80-225-1645-7 
041 0 |a slo 
044 |a SK 
245 1 0 |a Peňažné a kapitálové trhy  |b zbierka príkladov  |c Božena Chovancová, Viera Malacká, Peter Trúchly 
264 1 |a Bratislava  |b Vydavateľstvo EKONÓM  |c 2003 
300 |a 109 s. 
610 2 0 |a trh kapitálový 
610 2 0 |a trh peňažný 
610 2 0 |a čas 
610 2 0 |a hodnota 
610 2 0 |a úrok 
610 2 0 |a výnosy 
610 2 0 |a riziko 
610 2 0 |a investície 
610 2 0 |a nástroje finančné 
610 2 0 |a oceňovanie 
610 2 0 |a poukážky pokladničné 
610 2 0 |a obligácie 
610 2 0 |a ceny 
610 2 0 |a akcie 
610 2 0 |a portfólio 
610 2 0 |a deriváty 
610 2 0 |a forwardy 
610 2 0 |a futurity 
610 2 0 |a swap 
610 2 0 |a opcie 
100 1 |a Chovancová, Božena 
700 1 |a Malacká, Viera 
700 1 |a Trúchly, Peter 
710 2 |a Ekonomická univerzita v Bratislave. Národohospodárska fakulta